000 00458nam a2200169Ia 4500
008 230711s9999||||xx |||||||||||||| ||und||
020 _a978-0-07-060741-5
041 _aENG
082 _a620.0015183
_bRE-A
100 _aReddy,J.N
245 3 _aAn introduction to the finite element method
250 _a1st Ed.
260 _c2015
_aNew Delhi
_bMcGraw Hill Education(India) Private Limited
300 _a766p.
650 _aCivil Engineering
942 _cBK
999 _c6140
_d6140